00389 2200157 4500001002100000005001500021008004100036020001800077035001900095082000800114090001400122100002300136245001800159260002500177300002900202INLIS00000000000800820241224113554241224||||||||| | ||| |||| ||  a979-97717-2-9 0010-12240080080 a811 a811 SON d0 aSONI FARID MAULANA00aDISEKAP HUJAN aBandungbKelirc2011 avi + 62 hlm.; 21 x 14 cm